01623nam a22002537a 450000500170000000800410001702000180005804000070007604100120008308200250009510000270012024500410014726000430018830000300023136500570026152007470031865000210106565000270108665000480111370000290116194200120119099900190120295201480122120221230095223.0221230b ||||| |||| 00| 0 eng d a9788175994478 cAL aEnglish 223a306.362092bNORT aSolomon Northup967955 aTwelve Years A Slave : A True Story  aNew DelhibFinger Print Classicsc2022 a255 p.bPBc19.5x12.5 cm. aVBI-1675b₹149.00c₹d₹199.00e25%f19-12-2022 aAND WHAT DIFFERENCE IS THERE IN THE COLOUR OF THE SOUL? A hardworking farmer and an exceptional fiddler, Solomon Northup is born a free man of colour. He lives happily with his wife and children in Saratoga County, New York, until the day an employment offer at a circus changes his life. Tricked, drugged, and kidnapped, Northup gets sold as a slave. And for the twelve years that follow, he lives in bondage under different masters . . . A heart-rending memoir chronicling his fight for survival and freedom, Northup’s Twelve Years A Slave is one of the best slave narratives ever written. It was adapted into a historical drama film of the same name in 2013, which went on to win the Golden Globe Award for Best Motion Picture – Drama. aLouisiana967951 aPlantation life967952 aSlaves -- United States -- Biography967953 aNORTHUP (Solomon)967954 2ddccBK c226122d226122 00102ddc40708GENaALbALd2022-12-27eVidyarthi Books Bengaluru 560076g149.00l0o306.362092 NORTp076309r2022-12-30 00:00:00v199.00yBK